Réflexions sur l'imitation des oeuvres grecques en peinture et en sculpture

Kaydedildi:
Detaylı Bibliyografya
Yazar: Winckelmann, Johann Joachim (Yazar)
Materyal Türü: Kitap
Dil:Fransızca
Almanca
Baskı/Yayın Bilgisi: París Aubier 1954
Seri Bilgileri:Collection Bilingue des Classiques Étrangers
Konular:
Etiketler: Etiketle
Etiket eklenmemiş, İlk siz ekleyin!

MARC

LEADER 00000nam a2200000 a 4500
001 UCZ6138
003 CL-VaPUC
008 951201e19540000FR |||||||||||||||||fre|d
041 0 7 |a fre  |2 CL-VaPUC 
041 0 7 |a ger  |2 CL-VaPUC 
082 0 4 |a 733  |b WIN  |2 21 
100 0 |a Winckelmann, Johann Joachim  |e author  |9 350364 
245 1 0 |a Réflexions sur l'imitation des oeuvres grecques en peinture et en sculpture 
246 1 0 |a Gedanken über die Nachahmung der griechischen Werke in der Malerei und Bildhauerkunst 
300 |a 211 p 
942 |c BK 
945 |d 19951201 00:00:00  |a cmena 
260 |a París  |b Aubier  |c 1954 
650 0 |a Escultura  |9 265737 
650 0 |a Artes plásticas  |9 268637 
650 0 |a Arte antiguo  |9 330766 
650 0 |a Civilizaciones antiguas  |9 265998 
583 |a last modification  |c 19951201 00:00:00  |k Rodrigo Vera 
490 0 |a Collection Bilingue des Classiques Étrangers 
999 |c 242394  |d 242392 
952 |0 0  |1 0  |4 0  |6 733_000000000000000_WIN_1954  |7 0  |8 P  |9 255292  |a BIBEDU  |b BIBEDU  |c BIBEDU_PB  |d 2019-11-19  |i 1600060  |o 733 WIN 1954  |p 1600060  |r 2024-01-25  |w 2019-11-19  |y BK  |k FIL 
952 |0 0  |1 0  |4 0  |6 733_000000000000000_WIN_1954  |7 0  |8 A  |9 255293  |a BIBART  |b BIBART  |d 2019-11-19  |i 1207245  |l 12  |o 733 WIN 1954  |p 1207245  |q 2025-07-31  |r 2025-03-13  |s 2024-12-19  |w 2019-11-19  |y BK  |k ART